000 00690nam a2200265Ia 4500
003 OSt
005 20220925213050.0
006 a|||||r|||| 00| 0
007 ta
008 220923b |||||||| |||| 00| 0 eng d
020 _a1405102802
037 _cGeneral Book
040 _aRTL
_cRTL
_beng
041 _2eng
_aeng
082 _aX991, P4
100 _aLechner Frank J.
_9277872
245 0 _aGlobalization reader
250 _a2nd
260 _aLondon
_bBlackwell
_c2004
300 _axv, 454p
_ccm.
650 _aGlobalization
700 _a Boli John
_9277873
942 _hX991, P4
_cGB
_2CC
999 _c561915
_d561915